| 000 | 00512nam a22001817a 4500 | ||
|---|---|---|---|
| 005 | 20251021105739.0 | ||
| 008 | 251021b |||||||| |||| 00| 0 eng d | ||
| 020 | _a9788120804135 | ||
| 040 | _cILCL | ||
| 041 |
_2eng _aeng |
||
| 084 | _aR65v R5.2 | ||
| 100 |
_aDasgupta, Surendranath _9848807 |
||
| 245 | _aA History of Indian Philosophy: Sankara school of Vedanta, Yogavasistha and Bhagavadgita | ||
| 260 |
_aDelhi _bMotilal Banarasidass _c2025 |
||
| 300 | _axi,620p. | ||
| 490 | _v2 | ||
| 942 |
_2CC _cTB |
||
| 999 |
_c1464870 _d1464870 |
||